000 00360 a2200169 4500
001 186728
020 _a85-08-05579-X
040 _cMagnum
100 _aAzevedo, Ricardo
240 1 0 _aMenino meio arrepiado
_lpor
245 1 0 _aMenino meio arrepiado
300 _a23
362 0 _a1998
440 1 _aÁtica
697 _aLITERATURA INFANTO
942 _cBK
999 _c186728
_d186728